| 000 | 00342nam a22001457a 4500 | ||
|---|---|---|---|
| 008 | 210302b ||||| |||| 00| 0 eng d | ||
| 020 | _a9780130799746 | ||
| 041 | _aeng | ||
| 080 |
_24th _a336 |
||
| 082 | _a336 | ||
| 100 | _a56 | ||
| 101 | _aFIN | ||
| 245 |
_aAccounting Annotated Instructor's Edition _cHorngreen, CH.T |
||
| 942 |
_2udc _cBK |
||
| 999 |
_c55468 _d55468 |
||